LEADER 01396nam 2200397 450 001 990002900450203316 005 20070411152818.0 010 $a88-222-5048-6 035 $a000290045 035 $aUSA01000290045 035 $a(ALEPH)000290045USA01 035 $a000290045 100 $a20070411d2001----km-y0itay50------ba 101 $aita 102 $aIT 105 $a||||||||001yy 200 1 $aFlora overo cultura di fiori$fGiovan Battista Ferrari$griproduzione facsimilare a cura e con introduzione di Lucia Tongiorgi Tomasi$gtesti di Alberta Campitelli e Margherita Zalum 210 $a[Firenze]$cL. S. Olschki$d[2001] 215 $aLV, 520 p.$d24 cm 225 2 $aGiardini e paesaggio$fCollana diretta da Lucia Tongiorgi Tomasi e Luigi Zangheri$v2 410 0$12001$aGiardini e paesaggio$v2$fCollana diretta da Lucia Tongiorgi Tomasi e Luigi Zangheri 454 1$12001$aDe florum cultura$913043 461 1$1001-------$12001 606 0 $aFlora$yItalia 676 $a635.9 700 1$aFERRARI,$bGiovanni Battista$f<1584-1655>$071786 702 1$aTONGIORGI TOMASI,$bLucia 702 1$aCAMPITELLI,$bAlberta 801 0$aIT$bsalbc$gISBD 912 $a990002900450203316 951 $aII.6. Coll. 5/ 2$b191721 LM$cII.6. Coll. 959 $aBK 969 $aUMA 979 $aSENATORE$b90$c20070411$lUSA01$h1528 996 $aDe florum cultura$913043 997 $aUNISA LEADER 01231nam--2200361---450- 001 990003623730203316 005 20120215100812.0 010 $a88-14-15520-8 035 $a000362373 035 $aUSA01000362373 035 $a(ALEPH)000362373USA01 035 $a000362373 100 $a20120215d2010----km-y0itay50------ba 101 $aita 102 $aIT 105 $a||||||||001yy 200 1 $aConformità catastale e pubblicità immobiliare$el'art. 29, comma 1-bis, della Legge 27 febbraio 1985, n. 52$fGaetano Petrelli 210 $aMilano$cGiuffrè$d2010 215 $aVI, 121 p.$d24 cm 225 2 $aQuaderni della Rivista del notariato$v13 410 0$12001$aQuaderni della Rivista del notariato$v13 606 1 $aPubblicità immobiliare$xLegislazione [:] Italia . Legge 1985 n. 52$2BNCF 676 $a346.450438 700 1$aPETRELLI,$bGaetano$0235082 801 0$aIT$bsalbc$gISBD 912 $a990003623730203316 951 $aXXV.1. Coll. 45/ 8$b69444 G.$cXXV.1. Coll. 45/$d00306367 959 $aBK 969 $aGIU 979 $aIANNONE$b90$c20120215$lUSA01$h1007 979 $aIANNONE$b90$c20120215$lUSA01$h1008 996 $aConformità catastale e pubblicità immobiliare$91136984 997 $aUNISA LEADER 02585nas 2200781- 450 001 9910137525603321 005 20250528130846.0 011 $a2059-7983 035 $a(OCoLC)946056274 035 $a(CKB)3710000000571037 035 $a(CONSER)--2018243104 035 $a(EXLCZ)993710000000571037 100 $a20160406a20169999 --- - 101 0 $aeng 135 $aur||||||||||| 181 $ctxt$2rdacontent 182 $cc$2rdamedia 183 $acr$2rdacarrier 200 00$aActa crystallographica$hSection D$iStructural biology 210 1$a[Malden, MA] :$cJohn Wiley & Sons Ltd. 210 31$aMedford, MA :$cJohn Wiley & Sons 215 $a1 online resource 300 $aRefereed/Peer-reviewed 517 1 $aActa cryst. D, Structural biology 517 3 $aStructural biology 531 $aACTA CRYSTALLOGR D STRUCT BIOL 531 10$aActa Crystallogr D Struct Biol 606 $aX-ray crystallography$vPeriodicals 606 $aCrystallography$vPeriodicals 606 $aMolecular biology$vPeriodicals 606 $aMolecular structure$vPeriodicals 606 $aBiomolecules$xStructure$vPeriodicals 606 $aCytology$vPeriodicals 606 $aBiomolecules$xStructure$2fast$3(OCoLC)fst00832635 606 $aCrystallography$2fast$3(OCoLC)fst00884652 606 $aCytology$2fast$3(OCoLC)fst00886282 606 $aMolecular biology$2fast$3(OCoLC)fst01024734 606 $aMolecular structure$2fast$3(OCoLC)fst01024846 606 $aX-ray crystallography$2fast$3(OCoLC)fst01181820 606 $aMolecular Structure 606 $aChemistry Techniques, Analytical 606 $aBiochemical Phenomena 606 $aCristal·lografia$2thub 608 $aPeriodicals.$2fast 608 $aPeriodicals.$2lcgft 608 $aPeriodical. 608 $aRevistes electròniques$2thub 615 0$aX-ray crystallography 615 0$aCrystallography 615 0$aMolecular biology 615 0$aMolecular structure 615 0$aBiomolecules$xStructure 615 0$aCytology 615 7$aBiomolecules$xStructure. 615 7$aCrystallography. 615 7$aCytology. 615 7$aMolecular biology. 615 7$aMolecular structure. 615 7$aX-ray crystallography. 615 12$aMolecular Structure. 615 22$aChemistry Techniques, Analytical. 615 22$aBiochemical Phenomena. 615 7$aCristal·lografia 712 02$aInternational Union of Crystallography, 906 $aJOURNAL 912 $a9910137525603321 996 $aActa crystallographica$985734 997 $aUNINA